Ricostruisci la Carriera del Calciatore - Marcos Alonso - Statistics

Statistiche generali
  • Questo quiz è stato fatto 6 volte
  • Il punteggio medio è 4 su 8
Statistiche sulle risposte
Hint Risposta % Corretto
2010 Real Madrid
80%
2008-2010 Real M. Castilla
80%
2022- Barcellona
60%
2016-2022 Chelsea
60%
2014 Sunderland
60%
2010-2013 Bolton
40%
2014-2016 Fiorentina
40%
2013-2014 Fiorentina
20%
Nessun quiz corrispondente trovato
Distribuzione punteggi
Percentuale di utenti per punteggio
Percentile per numero di risposta
I tuoi punteggi nel tempo
Non hai fatto questo quiz